000 nam a22 7a 4500
999 _c8115
_d8115
008 171128b xxu||||| |||| 00| 0 eng d
020 _a8172162804
100 _aChand Mahesh
_94559
245 _aPhysical Education and Health
260 _aNew Delhi
_bFriends
_c2009